<?xml version="1.0" encoding="UTF-8"?>
<record
    xmlns:xsi="http://www.w3.org/2001/XMLSchema-instance"
    xsi:schemaLocation="http://www.loc.gov/MARC21/slim http://www.loc.gov/standards/marcxml/schema/MARC21slim.xsd"
    xmlns="http://www.loc.gov/MARC21/slim">

  <leader>00713nam a2200169   4500</leader>
  <controlfield tag="008">220303b        |||||||| |||| 00| 0 eng d</controlfield>
  <datafield tag="020" ind1=" " ind2=" ">
    <subfield code="a">9781556654770</subfield>
  </datafield>
  <datafield tag="020" ind1=" " ind2=" ">
    <subfield code="a">9781592761869</subfield>
  </datafield>
  <datafield tag="050" ind1=" " ind2=" ">
    <subfield code="a">BS192.3 </subfield>
    <subfield code="b">.C38 2011</subfield>
  </datafield>
  <datafield tag="245" ind1=" " ind2=" ">
    <subfield code="a">The new Catholic answer Bible : </subfield>
    <subfield code="b">translated from the original language with critical use of all the ancient sources/</subfield>
    <subfield code="c">with inserts by Paul Thigpen and Dave Armstrong.</subfield>
  </datafield>
  <datafield tag="250" ind1=" " ind2=" ">
    <subfield code="b">Rev. edition</subfield>
  </datafield>
  <datafield tag="260" ind1=" " ind2=" ">
    <subfield code="a">Huntington, Indiana : </subfield>
    <subfield code="b">Our Sunday Visitor, Inc., </subfield>
    <subfield code="c">&#xA9;2011.</subfield>
  </datafield>
  <datafield tag="300" ind1=" " ind2=" ">
    <subfield code="a">xxxiii, 1134, 400 p. : </subfield>
    <subfield code="b">color ill. ; </subfield>
    <subfield code="c">23 cm</subfield>
  </datafield>
  <datafield tag="650" ind1=" " ind2=" ">
    <subfield code="a">Bible </subfield>
    <subfield code="x">Reference editions. </subfield>
  </datafield>
  <datafield tag="650" ind1=" " ind2=" ">
    <subfield code="a">Bible</subfield>
    <subfield code="x">Catholic literature.</subfield>
  </datafield>
  <datafield tag="942" ind1=" " ind2=" ">
    <subfield code="2">lcc</subfield>
    <subfield code="h">BS192.3 .C38 2011</subfield>
    <subfield code="c">REF_BOOK</subfield>
  </datafield>
  <datafield tag="999" ind1=" " ind2=" ">
    <subfield code="c">31384</subfield>
    <subfield code="d">31384</subfield>
  </datafield>
  <datafield tag="952" ind1=" " ind2=" ">
    <subfield code="0">0</subfield>
    <subfield code="1">0</subfield>
    <subfield code="2">lcc</subfield>
    <subfield code="4">0</subfield>
    <subfield code="7">0</subfield>
    <subfield code="a">MUC</subfield>
    <subfield code="b">MUC</subfield>
    <subfield code="c">REF</subfield>
    <subfield code="d">2022-03-03</subfield>
    <subfield code="e">Donation- Damaris Kimanzi</subfield>
    <subfield code="g">4675.00</subfield>
    <subfield code="l">0</subfield>
    <subfield code="o">BS192.3 .C38 2011</subfield>
    <subfield code="p">39058</subfield>
    <subfield code="r">2022-03-03</subfield>
    <subfield code="w">2022-03-03</subfield>
    <subfield code="y">REF_BOOK</subfield>
  </datafield>
</record>
